• 首页
  • 本馆介绍
  • 公告通知
  • 最新文献
  • 馆藏检索
  • 电子资源
  • 读者导购
  • 参考咨询
  • 我的图书馆
  • 登录
  • 详细信息显示
  • 放入我的书架
  • 预约/预借图书
  • 作者相关作品
  • 分类相关作品
  • 丛书相关作品
  • 出版社相关作品

书目信息

  • 表格格式
  • 工作单格式
  • 卡片格式
题名:
饲料添加剂应用技术问答
    
 
作者: 高振川
分册:  
出版信息: 北京   农业出版社  1998.03
页数: 145页
开本: 19cm
丛书名:
单 册:
中图分类: S816.7
科图分类:
主题词: 畜牧学
电子资源:
ISBN: 7-109-02651-5
000 00543nam0 2200193 45
001 0308271091
005 20030827105648.3
010    @a7-109-02651-5@dRMB5.90
100    @a20030827d1998 km y0chiy0120 ea
101    @achi
105    @a z 000yy
200 1  @a饲料添加剂应用技术问答@Asi liao tian jia ji ying yong ji shu wen da@f高振川@Fgao zhen chuan
210    @a北京@c农业出版社@d1998.03
215    @a145页@c无图表@d19cm
606 0  @a畜牧学
690    @aS816.7@v3
701  0 @a高振川
801    @aCN@b@c20030827
905    @aBZT@dS816.7@e77
    
    饲料添加剂应用技术问答/高振川.-北京:农业出版社,1998.03
    145页:无图表;19cm
    
    
    ISBN 7-109-02651-5:RMB5.90
    
●
相关链接 在五车中查询图书 在当当中查询图书 在豆瓣中查询图书


正题名:饲料添加剂应用技术问答     索取号:S816.7/77         预约/预借

序号 登录号 条形码 馆藏地/架位号 状态 备注
1 099277   200105527   中心书库中库/ 中库031架B面5列4层10/ [索取号:S816.7/77] 在馆    
2 099278   200105509   中心书库中库/ 中库031架B面5列4层8/ [索取号:S816.7/77] 在馆    
3 099279   200105466   中心书库中库/ 中库031架B面5列4层11/ [索取号:S816.7/77] 在馆    
4 099280   200105493   中心书库中库/ 中库031架B面5列4层12/ [索取号:S816.7/77] 在馆    
5 100244   200105518   中心书库中库/ 中库031架B面5列4层13/ [索取号:S816.7/77] 在馆    
6 100246   200825223   中心书库中库/ 中库031架B面5列4层9/ [索取号:S816.7/77] 在馆    
7 100247   200105484   中心书库中库/ 中库031架B面5列4层7/ [索取号:S816.7/77] 在馆    
8 100248   200105536   中心书库中库/ 中库031架B面5列4层6/ [索取号:S816.7/77] 在馆    
9 100249   200105475   中心书库中库/ 中库031架B面5列4层14/ [索取号:S816.7/77] 在馆    
山东省滨州职业学院图书馆 欢迎您!
大连网信软件有限公司© 版权所有